Pressupost de la Generalitat de Catalunya i les seves entitats autònomes per al...
Descripción Física:
3 v. ; 31 cm
MARC
| LEADER | 00000nam a2200000Ia 4500 | ||
|---|---|---|---|
| 001 | 9316, 9317, 9318 | ||
| 008 | 160829s1981 - 1983 xx 000 0 cat d | ||
| 080 | |a FOL-1-54, FOL-1-55, FOL-1-56 | ||
| 110 | 1 | |a Catalunya. |b Generalitat |9 12125 | |
| 245 | |a Pressupost de la Generalitat de Catalunya i les seves entitats autònomes per al... | ||
| 260 | |a Barcelona : |b Departament d'Economia i Finances, |c 1981 - 1983 | ||
| 300 | |a 3 v. ; |c 31 cm | ||
| 610 | 1 | 0 | |a Catalunya. |b Generalitat |x Assignacions pressupostàries i despeses |9 55724 |
| 710 | 1 | |a Catalunya. |b Departament d'Economia i Finances |9 52960 | |
| 866 | |a 1981, 1982, 1983 | ||
| 901 | |a Arxiu | ||
| 942 | |n 1 | ||
| 952 | |0 0 |1 0 |4 0 |6 FOL154_FOL155_FOL156 |7 1 |9 45213 |a Arxiu |b Arxiu |d 2016-12-01 |l 0 |o FOL-1-54, FOL-1-55, FOL-1-56 |p 9316, 9317, 9318 |r 2016-12-01 00:00:00 |w 2016-12-01 |y ARXIU | ||
| 999 | |c 48286 |d 48286 | ||